000 00389nam a2200145Ia 4500
008 240729s9999 xx 000 0 und d
022 _a2312-6760
245 0 _aMedical Journal of Babylon
260 _aIndia
260 _bWolters Kluwer Medknow Publications
650 _aMedicine
856 _uhttps://doaj.org/toc/010ef63c18874328b2e406aece63434c
942 _2ddc
942 _cDOAJEJ
999 _c71798
_d71798
945 _a1
_bMadushi Gamage
_c1
_dMadushi Gamage